<?xml version="1.0" encoding="UTF-8"?>
<record
    xmlns:xsi="http://www.w3.org/2001/XMLSchema-instance"
    xsi:schemaLocation="http://www.loc.gov/MARC21/slim http://www.loc.gov/standards/marcxml/schema/MARC21slim.xsd"
    xmlns="http://www.loc.gov/MARC21/slim">

  <leader>00352nam a22001337a 4500</leader>
  <datafield tag="952" ind1=" " ind2=" ">
    <subfield code="0">0</subfield>
    <subfield code="1">0</subfield>
    <subfield code="4">0</subfield>
    <subfield code="7">0</subfield>
    <subfield code="8">NFIC</subfield>
    <subfield code="a">MES</subfield>
    <subfield code="b">MES</subfield>
    <subfield code="c">MGC</subfield>
    <subfield code="d">2021-04-07</subfield>
    <subfield code="g">25.00</subfield>
    <subfield code="h">English</subfield>
    <subfield code="l">0</subfield>
    <subfield code="o">954 AHA/S</subfield>
    <subfield code="p">41012</subfield>
    <subfield code="r">2021-04-07 00:00:00</subfield>
    <subfield code="y">BK</subfield>
    <subfield code="z">GR11R3</subfield>
  </datafield>
  <datafield tag="952" ind1=" " ind2=" ">
    <subfield code="0">0</subfield>
    <subfield code="1">0</subfield>
    <subfield code="4">0</subfield>
    <subfield code="7">0</subfield>
    <subfield code="8">NFIC</subfield>
    <subfield code="a">MES</subfield>
    <subfield code="b">MES</subfield>
    <subfield code="c">MGC</subfield>
    <subfield code="d">2021-04-07</subfield>
    <subfield code="g">25.00</subfield>
    <subfield code="h">Hindi</subfield>
    <subfield code="l">0</subfield>
    <subfield code="o">954 AHA/S</subfield>
    <subfield code="p">41013</subfield>
    <subfield code="r">2021-04-07 00:00:00</subfield>
    <subfield code="w">2021-04-07</subfield>
    <subfield code="y">BK</subfield>
    <subfield code="z">GR11R3</subfield>
  </datafield>
  <datafield tag="952" ind1=" " ind2=" ">
    <subfield code="0">0</subfield>
    <subfield code="1">0</subfield>
    <subfield code="4">0</subfield>
    <subfield code="7">0</subfield>
    <subfield code="8">NFIC</subfield>
    <subfield code="a">MES</subfield>
    <subfield code="b">MES</subfield>
    <subfield code="c">MGC</subfield>
    <subfield code="d">2021-04-07</subfield>
    <subfield code="g">25.00</subfield>
    <subfield code="h">Kannada</subfield>
    <subfield code="l">0</subfield>
    <subfield code="o">954 AHA/S</subfield>
    <subfield code="p">41014</subfield>
    <subfield code="r">2021-04-07 00:00:00</subfield>
    <subfield code="w">2021-04-07</subfield>
    <subfield code="y">BK</subfield>
    <subfield code="z">GR11R3</subfield>
  </datafield>
  <datafield tag="952" ind1=" " ind2=" ">
    <subfield code="0">0</subfield>
    <subfield code="1">0</subfield>
    <subfield code="4">0</subfield>
    <subfield code="7">0</subfield>
    <subfield code="8">NFIC</subfield>
    <subfield code="a">MES</subfield>
    <subfield code="b">MES</subfield>
    <subfield code="c">MGC</subfield>
    <subfield code="d">2021-04-07</subfield>
    <subfield code="g">25.00</subfield>
    <subfield code="h">Arabic</subfield>
    <subfield code="l">0</subfield>
    <subfield code="o">954 AHA/S</subfield>
    <subfield code="p">41015</subfield>
    <subfield code="r">2021-04-07 00:00:00</subfield>
    <subfield code="w">2021-04-07</subfield>
    <subfield code="y">BK</subfield>
    <subfield code="z">GR11R3</subfield>
  </datafield>
  <datafield tag="999" ind1=" " ind2=" ">
    <subfield code="c">41239</subfield>
    <subfield code="d">41239</subfield>
  </datafield>
  <datafield tag="082" ind1=" " ind2=" ">
    <subfield code="a">954</subfield>
    <subfield code="b">AHA/S</subfield>
  </datafield>
  <datafield tag="100" ind1=" " ind2=" ">
    <subfield code="a">Ahamed, Syed Naseer</subfield>
  </datafield>
  <datafield tag="245" ind1=" " ind2=" ">
    <subfield code="a">Saviour of Gandhiji Bataq Miya Ansari</subfield>
  </datafield>
  <datafield tag="260" ind1=" " ind2=" ">
    <subfield code="a">Undavalli:</subfield>
    <subfield code="b">Azad House of Publications,</subfield>
    <subfield code="c">2019.</subfield>
  </datafield>
  <datafield tag="300" ind1=" " ind2=" ">
    <subfield code="a">24 pages</subfield>
  </datafield>
  <datafield tag="500" ind1=" " ind2=" ">
    <subfield code="a">Available in Arabic, Hindi and Kannada</subfield>
  </datafield>
  <datafield tag="505" ind1=" " ind2=" ">
    <subfield code="a">T</subfield>
  </datafield>
  <datafield tag="942" ind1=" " ind2=" ">
    <subfield code="c">BK</subfield>
  </datafield>
</record>
